[Event "GER-chT Federal Cup (Women)"]
[Site "Germany"]
[Date "2011.06.16"]
[Round "1.1"]
[White "Stenzel, Monika"]
[Black "Glaser, Andrea"]
[Result "0-1"]
[WhiteElo "799"]
[BlackElo "1981"]
[PlyCount "34"]
[EventDate "2011.06.16"]
[EventType "team-swiss"]
[EventRounds "5"]
[EventCountry "GER"]
[SourceTitle "EXT 2012"]
[Source "ChessBase"]
[SourceDate "2011.11.24"]
[SourceVersion "1"]
[SourceVersionDate "2011.11.24"]
[SourceQuality "1"]
[WhiteTeam "Saarland"]
[BlackTeam "Sachsen Anhalt"]
[WhiteTeamCountry "GER"]
[BlackTeamCountry "GER"]

1. d4 Nf6 2. f3 d5 3. Be3 g6 4. Nc3 Bg7 5. h3 Nbd7 6. b4 c6 7. Bf2 0-0 8. Bg3 Nh5 9. Bh2 Qb6 10. e3 Qxb4 11. Qd2 e5 12. Bd3 exd4 13. e4 dxc3 14. Qd1 Re8 15. a3 Qe7 16. Ne2 Qh4+ 17. Bg3 Nxg3 0-1